| 000 | 00593nam a22001817a 4500 | ||
|---|---|---|---|
| 999 |
_c179387 _d179387 |
||
| 005 | 20210610121458.0 | ||
| 010 | _aB-740293 | ||
| 020 | _a9788131708101 | ||
| 035 | _aB-740293 | ||
| 037 | _bGIft | ||
| 082 | _a363.7 | ||
| 245 |
_aEnvironmental issues in India: _ba reader / _cedited by Mahesh Rangarajan |
||
| 260 |
_aNew Delhi _bDorling Kindersley _c2012 |
||
| 270 |
_a11 Community Centre, Panchsheel Park _bNew Delhi _e110017 |
||
| 300 |
_axxvii, 570p. _c21cm(pbk) |
||
| 942 |
_2ddc _cEN _h363.7 _mENV |
||